header

Microsoft SharePoint 2010 end user guide (Record no. 220114)

MARC details
000 -LEADER
fixed length control field 01491nam a2200313 a 4500
245 00 - TITLE STATEMENT
Title Microsoft SharePoint 2010 end user guide
260 ## - PUBLICATION, DISTRIBUTION, ETC. (IMPRINT)
Place of publication Birmingham, U.K. :
Name of publisher Packt Enterprise,
Year of publication 2011.
300 ## - PHYSICAL DESCRIPTION
Number of Pages xiii, 394 p. :
Other physical details ill. (chiefly col.)
500 ## - GENERAL NOTE
General note Includes index.
650 #0 - SUBJECT ADDED ENTRY--TOPICAL TERM
Topical Term Intranets (Computer networks)
700 1# - ADDED ENTRY--PERSONAL NAME
Personal name McCabe, Michael.
Personal name Ward, Peter.
Personal name Miller, Mark.
856 40 - ELECTRONIC LOCATION AND ACCESS
Uniform Resource Identifier http://site.ebrary.com/lib/rucke/Doc?id=10513576

No items available.

© 2026 Rongo University
Contact us: librarian | system librarian | Rongo university